000 00646nam a22001937a 4500
005 20140306160711.0
010 _aENG-108730
020 _c180.00
_a9788175416475
035 _aEN-92263
037 _bDBAD/PUB
082 _a370.711
100 _aNaqvi, Talmeez Fatma
245 _aPlanned teaching and professional development /
_cby Talmeez Fatma Naqvi
260 _aNew Delhi
_bShipra Publications
_c2013
270 _aLG 18-19, Pankaj Central Market, Patparganj, I.P. Ext.
_bDelhi
_e110092
300 _axv,248p.
_c23cm(pbk)
500 _aIncludes bibliographical rerferences and index
942 _2ddc
_cEN
_mNAQ
_h370.711
999 _c81025
_d81025